00720nam a22002177a 4500999001500000001000500015003000900020005001700029008004100046020001500087040003800102082001900140245006200159260003500221300004000256490003300296650001700329700002700346942001200373952011700385 c3311d33114113BD-DhUAP20200303152344.0200303s1989 enka|||| |||| 00| 0 eng d a185460020x aBD-DhUAPbEngcBD-DhUAPdBD-DhUAP 223a709.04 ASP aAspects of modern art / cEdited by Andreas C. Papadakis. aLondon : bAcad. Ed., cc1989. a96 pages :billustrations ;c28 cm. aAn Art & Design Profile, 18. aArt, Modern. aPapadakis, Andreas C.  2ddccBK 00102ddc4070aUAPCLbUAPCLcGeneral Stacksd2020-03-03o709.04 ASPp3010004113r2020-03-03t1w2020-03-03yBK